00751nam a22002417a 45000010005000000030006000050050017000110080041000280200018000690400029000870500015001160820010001311000027001412450091001682600036002593000048002955050008003435200058003515210020004095210020004296000026004497000034004753022FISKH20250828155003.0240131b cb ||||| |||| 00| 0 eng d a9780590273848 aFISKHbengcFISKHdFISKH aPZ7.M51274 a306.8 aMedearis, Angela Shelf aBig mama and grandma Ghana cby Medearis, Angela Shelf : illustrated by Russell, Lynne aNew York :bScholastic , c1994 a24 pages : bcolor illustrations ;c24 cm . aK  aMiles enjoys spending time with both of his grandmas.8 a540 bLexile 8 aK bRaz-Plus  2grandmothersvfiction aRussell, Lynne eillustrator